| 000 | 00599nam a22001817a 4500 | ||
|---|---|---|---|
| 005 | 20251108164052.0 | ||
| 008 | 250721s1985 xx 000 0 ara d | ||
| 082 | 1 | 4 | _a210.9/ابو |
| 100 | 1 | _aالمودودي، أبو الأعلى | |
| 245 | 1 | 0 |
_aموجز تاريخ تجديد الدين و إحيائة : _bواقع المسلمين و سبيل النهوض بهم / |
| 264 | 1 |
_aجدة : _bالدار السعودية، _c1985. |
|
| 300 | _a195ص. | ||
| 650 | 1 | 7 | _aالإسلام |
| 650 | 1 | 7 | _aالتاريخ |
| 650 | 1 | 7 | _aالتاريخ الإسلامي |
| 942 |
_2ddc _cBK |
||
| 999 |
_c2834 _d2834 |
||